000 00668nam a22002057a 4500
999 _c12853
_d12853
003 MIRAKIL
005 20190304165916.0
008 190304b tu ||||| |||| 00| 0 tur d
020 _a0670819247
040 _aTR-AnCHP
_cTR-AnCHP
041 _aeng
082 _a328.730762092
_bB26t 1989
100 _aBarry, John M.
245 1 0 _aThe ambition and the power /
_cJohn M. Barry.
260 _aNew York:
_bViking,
_c1989.
300 _a768 s.:
_c24 sm.
600 0 _95322
_aWright, Jim.
_cAmerika Birleşik Devletleri Temsilciler Meclisi Başkanı
_d1922-2015
651 0 _95270
_aAmerika Birleşik Devletleri (ABD)
_xsiyaset ve yönetim
_y1981-1989
942 _2ddc
_cBKS